| 000 | 00948nam a2200241 i 4500 | ||
|---|---|---|---|
| 001 | 64712 | ||
| 003 | ES-MaACL | ||
| 005 | 20250327160919.0 | ||
| 007 | t| | ||
| 008 | 040105s1952 sp ||||1| spa d | ||
| 100 | 1 |
_aFornaciari, Michele. _951767 |
|
| 245 | 1 | 0 |
_aLatinorum _b: guía práctica para los padres cuyos hijos estudian latín / _cMichele Fornaciari ; versión del italiano por Claudio Matons Rossi. |
| 260 |
_aBarcelona : _bGustavo Gili, _c1952 ( _fAgustín Núñez) |
||
| 300 |
_a225 p. ; _c20 cm. |
||
| 510 |
_aCCPB,
_c000942516-0 |
||
| 650 | 4 |
_914291 _aLengua latina |
|
| 700 | 1 |
_aMatons Rossi, Claudio. _979092 |
|
| 852 |
_aES-MaACL _jD-6269 _bR.32412 _bR.M.5864 _cSVI _fSello en tinta en azul de la Biblioteca del Ateneo de Madrid _gAnotación manuscrita en cubierta: "13" _967138 |
||
| 942 |
_2udc _cMONOGRAFIA |
||
| 999 |
_c64712 _d64712 |
||